000 00526nam a2200217Ia 4500
003 OSt
005 20221005130057.0
006 a|||||r|||| 00| 0
007 ta
008 221004b |||||||| |||| 00| 0 snd d
024 _a7360
037 _cTextual
040 _aCRL
_cCRL
_bsnd
041 _2snd
_asnd
082 _aV44Q74:5, 1593F1
100 _aQalich Beg
_9208287
245 0 _aQadim Sindh
260 _c1921
942 _hV44Q74:5, 1593F1
_cTEXL
_2cc
999 _c1056011
_d1056011